Online
Catalog

Acerca del surgimiento de relaciones capitalistas de producción en la República Dominicana / (Record no. 60354)

MARC details
000 -CABECERA
campo de control de longitud fija 01134nab a2200253 i 4500
003 - IDENTIFICADOR DEL NÚMERO DE CONTROL
campo de control DO-SdBNP
005 - FECHA Y HORA DE LA ÚLTIMA TRANSACCIÓN
campo de control 20260218092340.0
007 - CAMPO FIJO DE DESCRIPCIÓN FÍSICA--INFORMACIÓN GENERAL
campo de control de longitud fija ta
008 - DATOS DE LONGITUD FIJA--INFORMACIÓN GENERAL
campo de control de longitud fija 260218s1975 dr qn|p|r||||||0| | spa d
040 ## - FUENTE DE LA CATALOGACIÓN
Centro catalogador/agencia de origen AGN
Lengua de catalogación Spa
Centro/agencia transcriptor DO-SdBNP
Normas de descripción rda
041 ## - CÓDIGO DE LENGUA
Código de lengua del texto/banda sonora o título independiente spa
100 1# - ENTRADA PRINCIPAL--NOMBRE DE PERSONA
Nombre de persona Cassá, Roberto,
Fechas asociadas al nombre 1948-.
9 (RLIN) 114835
245 ## - MENCIÓN DE TÍTULO
Título Acerca del surgimiento de relaciones capitalistas de producción en la República Dominicana /
Mención de responsabilidad, etc. Roberto Cassá.
300 ## - DESCRIPCIÓN FÍSICA
Extensión páginas, 15-76.
336 ## - TIPO DE CONTENIDO
Término de tipo de contenido texto
Código de tipo de contenido txt
Fuente rdacontent
337 ## - TIPO DE MEDIO
Nombre/término del tipo de medio sin mediación
Código del tipo de medio n
Fuente rdamedia
338 ## - TIPO DE SOPORTE
Nombre/término del tipo de soporte volumen
Código del tipo de soporte nc
Fuente rdacarrier
520 ## - SUMARIO, ETC.
Sumario, etc. Visión global acerca de los procesos que dieron inicio a las relaciones capitalistas de producción, en su instancia económica.
650 ## - PUNTO DE ACCESO ADICIONAL DE MATERIA--TÉRMINO DE MATERIA
9 (RLIN) 11163
Término de materia o nombre geográfico como elemento de entrada Capitalismo
Subdivisión de forma Publicaciones periódicas
Subdivisión geográfica República Dominicana
650 ## - PUNTO DE ACCESO ADICIONAL DE MATERIA--TÉRMINO DE MATERIA
9 (RLIN) 60474
Término de materia o nombre geográfico como elemento de entrada Relaciones capitalistas
Subdivisión de forma Publicaciones periódicas
Subdivisión geográfica República Dominicana
650 ## - PUNTO DE ACCESO ADICIONAL DE MATERIA--TÉRMINO DE MATERIA
9 (RLIN) 41630
Término de materia o nombre geográfico como elemento de entrada Relaciones de producción
Subdivisión de forma Publicaciones periódicas
Subdivisión geográfica República Dominicana
773 ## - ENLACE AL DOCUMENTO FUENTE/ENTRADA DE REGISTRO ANFITRIÓN
Parte(s) relacionada(s) Volumen 1, Número 1 (octubre-diciembre, 1975), páginas 15-76.
Título Realidad contemporánea
942 ## - ELEMENTOS DE PUNTO DE ACCESO ADICIONAL (KOHA)
Fuente del sistema de clasificación o colocación Dewey Decimal Classification
Tipo de ítem Koha Publicación periódica

No items available.

Powered by Koha